书目信息 |
| 题名: |
国际经济法学原理与案例教程
|
|
| 作者: | 韩立余 主编 | |
| 分册: | ||
| 出版信息: | 北京 中国人民大学出版社 2006.11 |
|
| 页数: | 11, 644页 | |
| 开本: | 24cm | |
| 丛书名: | 21世纪法学系列教材 | |
| 单 册: | ||
| 中图分类: | D996 | |
| 科图分类: | ||
| 主题词: | 国际经济法--guo ji jing ji fa--研究生--教材 | |
| 电子资源: | ||
| ISBN: | 7-300-07408-1 | |
| 000 | 00921nam 2200253 450 | |
| 001 | 012007707859 | |
| 005 | 20071008161130.80 | |
| 010 | @a7-300-07408-1@dCNY49.80 | |
| 100 | @a20070727d2006 km y0chiy0120 ea | |
| 101 | 0 | @achi |
| 102 | @aCN@b110000 | |
| 105 | @ay z 000yy | |
| 200 | 1 | @a国际经济法学原理与案例教程@Aguo ji jing ji fa xue yuan li yu an li jiao cheng@f韩立余主编@Fhan li yu zhu bian |
| 210 | @a北京@c中国人民大学出版社@d2006.11 | |
| 215 | @a11, 644页@d24cm | |
| 225 | 2 | @a21世纪法学系列教材@A21 shi ji fa xue xi lie jiao cai |
| 330 | @a本书按货物贸易、服务贸易、国际投资、国际知识产权四大领域布局,同时包括适用于各种交易形式的国际税收和国际争端解决两部分。 | |
| 333 | @a法律硕士研究生用书 | |
| 410 | 0 | @12001 @a21世纪法学系列教材 |
| 606 | 0 | @a国际经济法@Aguo ji jing ji fa@x研究生@j教材 |
| 690 | @aD996@v4 | |
| 701 | 0 | @a韩立余@Ahan li yu@4主编 |
| 801 | 0 | @aCN@c20071008 |
| 905 | @dD996@eH088 | |
| 国际经济法学原理与案例教程/韩立余主编.-北京:中国人民大学出版社,2006.11 |
| 11, 644页;24cm.-(21世纪法学系列教材) |
| 使用对象:法律硕士研究生用书 |
| ISBN 7-300-07408-1:CNY49.80 |
| 本书按货物贸易、服务贸易、国际投资、国际知识产权四大领域布局,同时包括适用于各种交易形式的国际税收和国际争端解决两部分。 |
| ● |
| 相关链接 |
|
|
|
正题名:国际经济法学原理与案例教程
索取号:D996/H088
 
预约/预借
| 序号 | 登录号 | 条形码 | 馆藏地/架位号 | 状态 | 备注 |
| 1 | 250784 | 202507849 | 社科库509/509社科库 110排1列2层/ [索取号:D996/H088] | 在馆 | |
| 2 | 250785 | 202507858 | 社科库509/509社科库 110排1列2层/ [索取号:D996/H088] | 在馆 | |
| 3 | 250786 | 202507867 | 社科库509/509社科库 110排1列2层/ [索取号:D996/H088] | 在馆 |